[Event "Le Mans op"]
[Site "Le Mans "]
[Date "2001.12.29"]
[Round "5"]
[White "Poirier, Adrien"]
[Black "Deslandes, Jeremy"]
[Result "0-1"]
[WhiteElo "1110"]
[BlackElo "1500"]
[PlyCount "51"]
[EventDate "2001.12.26"]
[EventType "swiss"]
[EventRounds "9"]
[EventCountry "FRA"]
[SourceTitle "EXT 2008"]
[Source "ChessBase"]
[SourceDate "2007.11.25"]
[SourceVersion "1"]
[SourceVersionDate "2007.11.25"]
[SourceQuality "1"]

1. e4 e5 2. Nf3 Nc6 3. Nc3 Bc5 4. Bc4 Nf6 5. d3 d6 6. h3 h6 7. 0-0 Nd4 8. Nxd4 Bxd4 9. Nd5 c6 10. Nxf6+ Qxf6 11. c3 Bb6 12. Be3 Qg6 13. Qf3 0-0 14. d4 exd4 15. cxd4 Re8 16. e5 dxe5 17. Rfe1 Bd7 18. Rad1 exd4 19. Bc1 Rxe1+ 20. Rxe1 Re8 21. Rxe8+ Bxe8 22. b4 Bd7 23. a4 Be6 24. Bd3 Qf6 25. Qg3 Kh8 26. Qb8+ 0-1